| 000 | 00655nam a2200181Ia 4500 | ||
|---|---|---|---|
| 008 | 090630s9999 xx 000 0 und d | ||
| 082 | _b18859 | ||
| 100 | _aसाठवणे पां. आ. | ||
| 245 |
_aलिंबाचा औषधी उपयोग. _cसाठवणे पां. आ. |
||
| 260 |
_bसाठवणे - नागपूर. _c1998 |
||
| 300 | _a18 | ||
| 600 | _aसाठवणे पां. आ. | ||
| 630 | _aलिंबाचा औषधी उपयोग. | ||
| 655 | _aइतर. | ||
| 700 | _aसाठवणे पां. आ. | ||
| 730 | _aलिंबाचा औषधी उपयोग. | ||
| 942 | _cBOOK | ||
| 999 |
_c270715 _d270715 |
||